Hồ Xuân Hương, thơ và đời

Nữ sinh thơ Nôm Hồ Xuân Hương. Thơ của bà và một số tác giả xưa nay nói về cuộc đời, sự nghiệp thơ của bà

Gespeichert in:
Bibliographische Detailangaben
1. Verfasser: Hồ Xuân Hương
Weitere Verfasser: Tốn Phong Thị, Hoàng Ngọc Phách, Nguyễn Tuân, Lữ Huy Nguyên
Format: Buch
Sprache:Vietnamese
Veröffentlicht: H. Văn học 1998
Ausgabe:In lần 4
Schlagworte:
Tags: Tag hinzufügen
Keine Tags, Fügen Sie den ersten Tag hinzu!
Thư viện lưu trữ: Mạng thư viện Đại học Đà Nẵng
LEADER 01452nam a2200421 4500
001 000005662
003 1808
005 20120423140406.0
008 110818s1998 viesd
020 |c 24000đ 
041 0 |a vie 
082 |a 895.9221  |b HO-H 
100 0 |a Hồ Xuân Hương 
245 0 |a Hồ Xuân Hương, thơ và đời  |c Lữ Huy Nguyên tuyển chọn và giới thiệu 
250 |a In lần 4 
260 |a H.  |b Văn học  |c 1998 
300 |a 320 tr.  |c 19 cm. 
520 |a Nữ sinh thơ Nôm Hồ Xuân Hương. Thơ của bà và một số tác giả xưa nay nói về cuộc đời, sự nghiệp thơ của bà 
653 |a Văn học cận đại 
653 |a Hồ Xuân Hương 
653 |a Thơ 
653 |a Việt Nam 
653 |a Nghiên cứu văn học 
700 |a Tốn Phong Thị 
700 |a Hoàng Ngọc Phách 
700 |a Nguyễn Tuân 
700 |a Lữ Huy Nguyên 
910 |a Huỳnh Thị Cẩm Lai  |d 18/08/2011 
OWN |a LSP 
AVA |a UDN50  |b LSP  |d 895.9221 HO-H  |e available  |t Error 5001 Not defined in file expand_doc_bib_avail.  |f 7  |g 0  |h N  |i 0  |k 1 
999 |a From the UDN01 
AVA |a UDN50  |b LSP  |d 895.9221 HO-H  |e available  |t Error 5001 Not defined in file expand_doc_bib_avail.  |f 7  |g 0  |h N  |i 0  |k 1 
TYP |a Monograph 
TYP |a Printed language 
980 |a Mạng thư viện Đại học Đà Nẵng